Szybki quiz o wiedzy wszechstronnej 2. - Statystyki

Ogólne statystyki
  • Ten quiz został rozwiązany 303 razy
  • Średni wynik to 19 z 26
Statystyki odpowiedzi
Zagadnienie Odpowiedź % Poprawnych
Ile to 2+2×2-2? 4
100%
W którym roku odbył się pucz piwiarniany? 8 listopada 1923 roku
100%
Kto jest wynalazcą dynamitu? Alfred Nobel
100%
Kim jest pastor? Duchowny w Kościołach protestanckich.
100%
Czego symbolem jest Ag na tablicy Mendelejewa Srebro
100%
Czy kwadrat jest prostokątem? Tak
100%
Ile jest zasad dynamiki Newtona? 3
75%
Aby zostać senatorem w Polsce należy ukończyć ile lat? 30
75%
Ile twarzy ma słowiański bóg Świętowit? 4
75%
Największym państwem Afryki jest? Algieria
75%
Czym płacono w pewexie? Dolarami
75%
Czym jest GIF? Format pliku graficznego z kompresją bezstratną.
75%
Jak się nazywa zabójca z serii filmów "koszmar z ulicy wiązów" Freddy Krueger
75%
Blacksmith tłumacząc na polski to? Kowal
75%
Które z podanych zwierząt zapada w hibernację. (Nie wybudzając się) Niedźwiedzie, jeże, susły
75%
Czy istniało coś takiego jak Demokratyczna Republika Tuwińska? Nie nigdy nie istniało państwo pod tą nazwą.
75%
Z jakiego języka w polskim pojawiło się słowo nazad Rosyjski
75%
Z jakiego polis wywodził się Leonidas? Sparta
75%
Z jakimi zakażeniami dają sobię radę antybiotyki? Zakażeniami bakteryjnych
75%
Który z tych serów nie jest francuski? Cheshire
50%
Kogo kolonią był Surinam? Holandii/Niderlandów
50%
Który z tych imion nie nosił syn Odyna? Loki
50%
W jakim państwie znajduje się Rezina? Mołdawia
50%
Jak nazywał się układ bloku wschodniego utworzony przeciwko NATO? Układ Warszawski
50%
Do kogo należy region o nazwie ługań? Ukraina
50%
Czym zajmuje się Folusznik? Rzemieślnik trudniący się przygotowywaniem tkanin i czyszczeniem ubrań
25%
Nie znaleziono quizów pasujących do podanych kryteriów
Rozkład punktacji
Procent ludzi z każdym wynikiem
Percentyl według liczby udzielonych odpowiedzi
Twoja historia wyników
Nie rozwiązałeś tego quizu